Представление документа в формате RUSMARC

ПолеНазваниеЗначение
  Тип записи a
  Библиографический уровень a
001 Контрольный номер UONB/MAIN/88b346f82e3140f199439d158bc72d35
005 Дата корректировки 20260114161937.7
100 Данные общей обработки __
a Данные общей обработки 20260114a20251217|||c0rusy0189 ca
101 Язык документа 0_
a Язык текста rus
102 Страна публикации __
a Страна публикации RU
200 Заглавие и сведения об ответственности 1_
a Заглавие Достойные граждане России
203 Вид содержания и тип средства __
a Вид содержания Текст
b Характеристика содержания визуальный
c Тип средства непосредственный
330 Аннотация __
a Аннотация В Ульяновске наградили детей и подростков, совершивших героические поступки.
461 Уровень набора _0
1 2000
a Народная газета
463 Уровень физической единицы _0
1 2000
a № 51 (625) (17 декабря)
v С. 4
1 2101
d 2025
1 001RU/REG73/CBS_GRAD/02a65912ff8b4e1ab42d8409b9102ee5
610 Ключевые слова 0_
a Ключевые слова памятные медали; медали; дети-герои
700 Автор _1
a Фамилия Долгов
b Имя (инициалы) О.
g Полное личное имя Олег
801 Источник записи _0
a Страна RU
b Организация RuCBSGrad
c Дата составления 20260114
g Правила каталогизации RCR
801 Источник записи _1
a Страна RU
b Организация RuCBSGrad
c Дата составления 20260114
g Правила каталогизации RCR
852 Данные о местонахождении __
a Наименование организации МБУК ЦБС г. Димитровграда
901 Тип документа __
t Тип документа f
w Контрольный № источника RU/REG73/CBS_GRAD/02a65912ff8b4e1ab42d8409b9102ee5
909 Создатель записи __
a Создатель записи Тенигина
b Дата создания записи 20260114